Normal view
MARC view
- Groot De M.B
Entry Personal Name
001 - CONTROL NUMBER
- control field: 47316
003 - CONTROL NUMBER IDENTIFIER
- control field: NUST
005 - DATE AND TIME OF LATEST TRANSACTION
- control field: 20210314133805.0
008 - FIXED-LENGTH DATA ELEMENTS
- fixed length control field: 210314|| aca||aabn | a|a d
040 ## - CATALOGING SOURCE
- Original cataloging agency: NUST
- Transcribing agency: NUST
100 ## - HEADING--PERSONAL NAME
- Personal name: Groot De M.B
670 ## - SOURCE DATA FOUND
- Source citation: Work cat.: (NUST): Groot De M.B, Geosynthetics: applications, design and constrcution, 1996
